000 00562nam a22001817a 4500
005 20231116105627.0
008 231116b |||||||| |||| 00| 0 eng d
020 _a0702148121
041 _aEnglish
082 _a343.9 HAR
100 _aHare, J
_lEnglish
245 _aShipping Law and Admiralty Jurisdiction in South Africa /
_cJ Hare
250 _aFirst Edition
260 _aCape Town :
_bJuta and Company Ltd,
_c1999
300 _blxviii, 1060 pages ;
_c26,5 cm.
650 _aLegal practice
_bLaw
942 _cBK
_6ALISON_BN_VRIES
999 _c727
_d727